000 00531nam a2200121Ia 4500
008 220620s9999||||xx |||||||||||||| ||und||
100 _aGravani, Maria||Ioannidou, Alexandra
245 0 _aAdult and Continuing Education in Cyprus
546 _aEnglish[eng]
650 _aSociology||Bildungssysteme
856 _uhttps://library.oapen.org/bitstream/20.500.12657/30969/1/640931.pdf||https://library.oapen.org/bitstream/20.500.12657/30969/1/640931.pdf||https://library.oapen.org/bitstream/20.500.12657/30969/1/640931.pdf
942 _cEB
999 _c26357
_d26357